Charakteristika ekonomiky Talianska diplomová práca

Enregistré dans:
Détails bibliographiques
Auteur principal: Alscher, Tomáš
Collectivité auteur: Fakulta medzinárodných vzťahov EU. Katedra medzinárodných ekonomických vzťahov a hospodárskej diplomacie
Autres auteurs: Hniličan, Vladimír
Format: Livre
Langue:slovaque
Publié: Bratislava 2008
Tags: Ajouter un tag
Pas de tags, Soyez le premier à ajouter un tag!

MARC

LEADER 00000nam$a2200000$$$4500
001 0087488
005 20240201115304.8
041 0 |a slo 
044 |a SK 
245 1 0 |a Charakteristika ekonomiky Talianska  |b diplomová práca  |c Tomáš Alscher ; škol. Vladimír Hniličan 
264 1 |a Bratislava  |c 2008 
300 |a 66 s. 
100 1 |a Alscher, Tomáš 
700 1 |a Hniličan, Vladimír 
710 2 |a Fakulta medzinárodných vzťahov EU. Katedra medzinárodných ekonomických vzťahov a hospodárskej diplomacie